[Event "Limhamns 5:e int. junior"]
[Site "Malmoe"]
[Date "1999.06.20"]
[Round "4"]
[White "Holmberg, Fredrik"]
[Black "Flaisigova, Petra"]
[Result "1/2-1/2"]
[WhiteElo "1935"]
[BlackElo "2040"]
[PlyCount "102"]
[EventDate "1999.05.??"]

1. e4 c5 2. Nf3 Nc6 3. d4 cxd4 4. Nxd4 Nf6 5. Nc3 e5 6. Ndb5 d6 7. Bg5 a6 8.
Na3 b5 9. Nd5 Be7 10. Bxf6 Bxf6 11. c3 O-O 12. Be2 Bg5 13. O-O Bb7 14. Nc2 Ne7
15. Nxe7+ Qxe7 16. Qd3 f5 17. f3 d5 18. exf5 e4 19. fxe4 dxe4 20. Qg3 Bf6 21.
Rad1 Be5 22. Qe3 Rf6 23. Bg4 Raf8 24. Nd4 Bc8 25. Rde1 Rh6 26. g3 Bb7 27. Ne6
Bd6 28. Kg2 Rc8 29. Rd1 Be5 30. Rd2 b4 31. cxb4 Qxb4 32. Rfd1 Bf6 33. a3 Qb5
34. Nf4 Be7 35. b4 Bg5 36. Kg1 Bxf4 37. gxf4 Rf6 38. Rd7 Qc6 39. Qb3+ Kf8 40.
Bh5 Qb6+ 41. Kf1 Qb5+ 42. Ke1 Qxf5 43. Rd8+ Rxd8 44. Rxd8+ Ke7 45. Re8+ Kd7 46.
Qd1+ Rd6 47. Rd8+ Kxd8 48. Qxd6+ Kc8 49. Be2 Qd7 50. Qxd7+ Kxd7 51. Kd2 Ke6
1/2-1/2

[Event "Limhamns 5:e int. junior"]
[Site "Malmoe"]
[Date "1999.06.20"]
[Round "4"]
[White "Rosell, Tomas"]
[Black "Adamski, Michal"]
[Result "0-1"]
[WhiteElo "1805"]
[BlackElo "2110"]
[PlyCount "42"]
[EventDate "2000.06.??"]

1. e4 c5 2. Nf3 d6 3. d4 cxd4 4. Nxd4 Nf6 5. Nc3 a6 6. Bg5 e6 7. f4 b5 8. e5
dxe5 9. fxe5 h6 10. Bh4 g5 11. Qf3 Qxd4 12. Qxf6 Qxh4+ 13. g3 Qd4 14. Rd1 Qe3+
15. Be2 Nc6 16. Qxh8 Nd4 17. Rxd4 Qxd4 18. Bd3 Bb7 19. Rf1 Qe3+ 20. Ne2 O-O-O
21. Qf6 Rxd3 0-1

[Event "Limhamns 5:e int. junior"]
[Site "Malmoe"]
[Date "1999.06.20"]
[Round "4"]
[White "Laksman, Efraim"]
[Black "Wakeham, Daniel"]
[Result "1/2-1/2"]
[WhiteElo "2060"]
[BlackElo "1955"]
[PlyCount "52"]
[EventDate "2000.06.??"]

1. d3 b6 2. e4 Bb7 3. f4 e6 4. Nf3 d5 5. e5 c5 6. g3 Be7 7. Bg2 Nh6 8. O-O O-O
9. c4 d4 10. Qe2 Qd7 11. Nbd2 Nc6 12. Ne4 Rad8 13. Neg5 Nf5 14. g4 Ne3 15. Bxe3
dxe3 16. Rad1 Nb4 17. Qxe3 Nxa2 18. Ra1 Bxg5 19. Rxa2 Bxf3 20. Bxf3 Be7 21. Be4
a5 22. Kh1 Rfe8 23. Qh3 g6 24. Qg3 Qd4 25. Rf3 Rc8 26. g5 Kg7 1/2-1/2

[Event "Limhamns 5:e int. junior"]
[Site "Malmoe"]
[Date "1999.06.20"]
[Round "4"]
[White "Namini, Armin"]
[Black "Becker, Bartosz"]
[Result "1/2-1/2"]
[WhiteElo "1995"]
[BlackElo "1930"]
[PlyCount "97"]
[EventDate "1999.05.??"]

1. e4 e6 2. d4 b6 3. c4 Bb7 4. Bd3 Bb4+ 5. Bd2 Bxd2+ 6. Nxd2 Ne7 7. Ne2 O-O 8.
O-O f5 9. f3 d6 10. Nf4 Bc8 11. Qe2 e5 12. dxe5 dxe5 13. Nd5 f4 14. Nb3 c6 15.
Nxe7+ Qxe7 16. c5 b5 17. a4 Be6 18. Qc2 Na6 19. axb5 Nb4 20. Qc3 Nxd3 21. Qxd3
cxb5 22. Qc3 Bc4 23. Rfc1 Rfd8 24. Na5 Qxc5+ 25. Kh1 Qd4 26. Nxc4 bxc4 27.
Qxc4+ Qxc4 28. Rxc4 Rd2 29. b4 Rad8 30. h3 R8d7 31. Rc5 Re7 32. Raa5 Rb2 33.
Rxe5 Rxe5 34. Rxe5 Rxb4 35. Rf5 a6 36. Rxf4 Rb5 37. Kg1 a5 38. Kf2 Re5 39. Ke2
a4 40. Kd3 a3 41. Kc2 Rb5 42. e5 Rb2+ 43. Kd3 Rxg2 44. e6 Rb2 45. Ra4 Rb3+ 46.
Ke4 Kf8 47. Ra7 Rb4+ 48. Ke5 Rb3 49. Ke4 1/2-1/2

[Event "Limhamns 5:e int. junior"]
[Site "Malmoe"]
[Date "1999.06.20"]
[Round "4"]
[White "Decha, Eliska"]
[Black "Innab, Schass"]
[Result "0-1"]
[WhiteElo "2106"]
[BlackElo "1830"]
[PlyCount "68"]
[EventDate "1999.05.??"]

1. e4 e6 2. d4 d5 3. e5 c5 4. c3 Nc6 5. Nf3 Qb6 6. a3 Bd7 7. b4 cxd4 8. cxd4
Nge7 9. Be3 Nf5 10. Bd3 Rc8 11. Bxf5 exf5 12. O-O Be7 13. Qd2 O-O 14. Nc3 Be6
15. Rac1 Qd8 16. Na4 b6 17. Rc2 Qd7 18. Nc3 a5 19. Na2 a4 20. Nc1 Na7 21. Nd3
Rxc2 22. Qxc2 Rc8 23. Qd2 Nb5 24. Ra1 Rc3 25. Nfe1 Rxa3 26. Rxa3 Nxa3 27. Qa2
Nc4 28. Bc1 h6 29. Qe2 Qc6 30. Nc2 Bc8 31. Nce1 Ba6 32. Qf3 a3 33. Nc2 Qa4 34.
Na1 Bxb4 0-1

[Event "Limhamns 5:e int. junior"]
[Site "Malmoe"]
[Date "1999.06.20"]
[Round "4"]
[White "Janiszyn, Elzbieta"]
[Black "Stahlberg, Adam"]
[Result "0-1"]
[WhiteElo "2074"]
[BlackElo "1800"]
[PlyCount "136"]
[EventDate "1999.05.??"]

1. d4 d5 2. c4 e6 3. Nc3 Be7 4. cxd5 exd5 5. Nf3 c6 6. Qc2 Nf6 7. Bg5 g6 8. Rc1
Bf5 9. Qb3 Qb6 10. Nd2 Nbd7 11. e3 O-O 12. Be2 Bd6 13. h3 Kg7 14. Na4 Qa5 15.
Bxf6+ Nxf6 16. Nc5 Rab8 17. g4 b6 18. Na6 Ne4 19. Rd1 Nxd2 20. Rxd2 Be4 21.
Nxb8 Rxb8 22. f3 Bb4 23. fxe4 Bxd2+ 24. Kf2 Re8 25. Bd3 dxe4 26. Bc4 b5 27. Be2
Re6 28. g5 Qc7 29. Bg4 Re8 30. Ke2 Ba5 31. Rf1 Rf8 32. Qc2 Qh2+ 33. Kd1 Qd6 34.
Qxe4 Qb4 35. Qc2 Re8 36. a3 Qd6 37. Qf2 Rf8 38. Qg2 c5 39. Rf6 Qe7 40. Qf2 cxd4
41. exd4 Bb6 42. Qd2 Rd8 43. d5 Be3 44. Qg2 Bxg5 45. Rc6 Bh4 46. Qd2 Qe5 47.
Bf3 Bf6 48. Rc2 Qg3 49. Bg2 Qb3 50. d6 Bxb2 51. d7 Bf6 52. Qd6 Qe3 53. Re2 Qb3+
54. Rc2 Qb1+ 55. Rc1 Qf5 56. Bc6 Qf1+ 57. Kc2 Qc4+ 58. Kd1 Qf1+ 59. Kc2 Qxh3
60. Qc5 Qh2+ 61. Kd1 a6 62. Rc2 Qf4 63. Rd2 h5 64. Re2 Qc7 65. Re8 Rxd7+ 66.
Ke1 Qg3+ 67. Ke2 Qd3+ 68. Kf2 Bd4+ 0-1

[Event "Limhamns 5:e int. junior"]
[Site "Malmoe"]
[Date "1999.06.20"]
[Round "4"]
[White "Bobrowska, Beata"]
[Black "Tarachowicz, Alina"]
[Result "0-1"]
[WhiteElo "1950"]
[BlackElo "2040"]
[PlyCount "112"]
[EventDate "1999.05.??"]

1. c4 e5 2. Nc3 Nc6 3. Nf3 f5 4. d3 d6 5. Bg5 Be7 6. Qd2 Nd4 7. Bxe7 Nxf3+ 8.
gxf3 Qxe7 9. Rg1 c6 10. Qg5 Qxg5 11. Rxg5 Kf7 12. O-O-O h6 13. Rg2 Nf6 14. e3
Bd7 15. Be2 d5 16. d4 exd4 17. Rxd4 Be6 18. cxd5 Nxd5 19. Nxd5 cxd5 20. Rg1
Rac8+ 21. Kb1 Kf6 22. Rc1 Ke5 23. f4+ Kd6 24. h4 Rxc1+ 25. Kxc1 g5 26. fxg5
hxg5 27. hxg5 Rh2 28. Rf4 Rg2 29. Kd2 Rxg5 30. Kc3 Rg1 31. Kc2 Rg2 32. a3 Ke5
33. Kd3 Bd7 34. Kc3 Rh2 35. Kb4 Bc6 36. Bb5 d4 37. Bxc6 bxc6 38. Rxd4 Rxf2 39.
Kc3 Re2 40. Kd3 Rxb2 41. Ra4 Rb7 42. Ra5+ Ke6 43. Kc4 Rd7 44. Rc5 Rc7 45. Ra5
Kf6 46. Ra4 Re7 47. Kd3 c5 48. Rc4 Rc7 49. Rf4 Ke5 50. Kc4 a5 51. Kb5 c4 52.
Rxc4 Rxc4 53. Kxc4 Ke4 54. Kb5 Kxe3 55. Kxa5 f4 56. Kb6 f3 0-1

[Event "Limhamns 5:e int. junior"]
[Site "Malmoe"]
[Date "1999.06.21"]
[Round "5"]
[White "Stefanek, Piotr"]
[Black "Mansson, Lars"]
[Result "1-0"]
[WhiteElo "2230"]
[BlackElo "2120"]
[PlyCount "155"]
[EventDate "2000.06.??"]

1. e4 c6 2. c4 e5 3. d4 d6 4. Nc3 Qc7 5. Be3 Nd7 6. Be2 Be7 7. Nf3 Ngf6 8. h3
a6 9. Rc1 O-O 10. O-O Re8 11. Nd2 Qb8 12. b4 b5 13. a3 Bf8 14. d5 Bb7 15. f3
Rc8 16. Nb3 cxd5 17. cxd5 Be7 18. Qe1 Bd8 19. Qf2 Nh5 20. g3 Bc7 21. Kh2 Rf8
22. a4 bxa4 23. Na5 Kh8 24. Rc2 f5 25. exf5 Nhf6 26. Nc6 Bxc6 27. dxc6 Nb6 28.
Ne4 Nfd5 29. Bd2 Rxf5 30. Bd3 Rf8 31. Qe2 Qe8 32. Ng5 Nf6 33. f4 exf4 34. Bxf4
Nbd5 35. Ne6 Rf7 36. Nxc7 Rxc7 37. Bxd6 Rcc8 38. Bxa6 Qxe2+ 39. Bxe2 Ne3 40.
Rcc1 Nxf1+ 41. Bxf1 Ne4 42. Bf4 a3 43. b5 a2 44. Ra1 Nc3 45. c7 Ra4 46. b6 Rb4
47. Rxa2 Nxa2 48. Ba6 Rb2+ 49. Kg1 Re8 50. b7 Rb1+ 51. Kg2 Rb2+ 52. Kf3 Rb3+
53. Kg4 Rxb7 54. Bxb7 Nb4 55. c8=Q Rxc8 56. Bxc8 Nd5 57. Be5 Ne3+ 58. Kg5 Nc4
59. Bf4 Nb6 60. Be6 Na4 61. h4 Nc5 62. Bf5 Nb7 63. Bc7 Nc5 64. Kf4 h5 65. Kg5
Kg8 66. Kxh5 Kh8 67. Kg4 Kg8 68. h5 Kh8 69. Bd6 Nb7 70. Be7 Na5 71. Bc5 Nc6 72.
Ba3 Ne5+ 73. Kf4 Nf7 74. g4 Nh6 75. g5 Nf7 76. Bb2 Nd8 77. h6 Kg8 78. hxg7 1-0

[Event "Limhamns 5:e int. junior"]
[Site "Malmoe"]
[Date "1999.06.21"]
[Round "5"]
[White "Kharitonov, Sergei"]
[Black "Rylander, Dennis"]
[Result "1-0"]
[WhiteElo "2201"]
[BlackElo "2141"]
[PlyCount "71"]
[EventDate "1999.05.??"]

1. e4 e6 2. d4 d5 3. Nc3 Nf6 4. e5 Nfd7 5. f4 c5 6. Nf3 Nc6 7. Be3 a6 8. Qd2 b5
9. dxc5 Bxc5 10. Bxc5 Nxc5 11. Bd3 Qb6 12. Ne2 b4 13. Ned4 Nxd4 14. Nxd4 O-O
15. Qe3 a5 16. O-O Ba6 17. Kh1 Bxd3 18. cxd3 Na4 19. Rf2 Rac8 20. g4 Rfe8 21.
Rg1 b3 22. a3 Rc7 23. f5 f6 24. g5 exf5 25. gxf6 Qxf6 26. Rxf5 Qb6 27. Rgf1 h6
28. Qf4 Nc5 29. Rf7 Nxd3 30. Qf5 Nc5 31. e6 Kh8 32. e7 Nd7 33. Ne6 Rg8 34. Rxg7
Nf6 35. Rxg8+ Nxg8 36. Qe5+ 1-0

[Event "Limhamns 5:e int. junior"]
[Site "Malmoe"]
[Date "1999.06.21"]
[Round "5"]
[White "Flaisigova, Petra"]
[Black "Owczarzak, Jerzy"]
[Result "0-1"]
[WhiteElo "2040"]
[BlackElo "2194"]
[PlyCount "128"]
[EventDate "1999.05.??"]

1. e4 e5 2. Nf3 Nc6 3. Bb5 a6 4. Ba4 Nf6 5. O-O b5 6. Bb3 Bb7 7. d3 Be7 8. Nc3
d6 9. a3 h6 10. h3 O-O 11. Nd5 Na5 12. Nxe7+ Qxe7 13. Ba2 c5 14. Nh4 Qd8 15.
Nf5 Bc8 16. g4 Nc6 17. Kh2 d5 18. exd5 Nxd5 19. Rg1 Be6 20. Ng3 Qe7 21. Ne4 f6
22. Be3 Nxe3 23. Bxe6+ Qxe6 24. fxe3 c4 25. Qf3 Rfd8 26. Rgd1 cxd3 27. cxd3 Ne7
28. Rac1 Rac8 29. Nc5 Qb6 30. b4 a5 31. Qe4 axb4 32. axb4 Qc6 33. Qxc6 Nxc6 34.
Rb1 Nxb4 35. d4 exd4 36. exd4 Nc2 37. Ne6 Rd6 38. d5 b4 39. Rb3 Rc3 40. Rbb1
Ne3 41. Rd4 Nxd5 42. Nf4 Nxf4 43. Rxd6 Rxh3+ 44. Kg1 Rg3+ 45. Kf2 Rxg4 46. Kf3
Rh4 47. Rxb4 Ng6 48. Rb7 Ne5+ 49. Kg3 Rg4+ 50. Kh3 h5 51. Rd5 Kh7 52. Ra5 Kh6
53. Ra8 g5 54. Rb6 Rf4 55. Raa6 g4+ 56. Kg2 Kg5 57. Rb5 h4 58. Ra3 h3+ 59. Kg3
Re4 60. Rb8 Re2 61. Rg8+ Kf5 62. Ra1 Rg2+ 63. Kh4 h2 64. Rf1+ Nf3+ 0-1

[Event "Limhamns 5:e int. junior"]
[Site "Malmoe"]
[Date "1999.06.21"]
[Round "5"]
[White "Adamski, Michal"]
[Black "Holmberg, Fredrik"]
[Result "1/2-1/2"]
[WhiteElo "2110"]
[BlackElo "1935"]
[PlyCount "62"]
[EventDate "1999.05.??"]

1. e4 c5 2. Nf3 d6 3. d4 cxd4 4. Nxd4 Nf6 5. Nc3 a6 6. Bg5 e6 7. f4 Be7 8. Qf3
Qc7 9. O-O-O Nc6 10. g4 Nxd4 11. Rxd4 b5 12. Bg2 Bb7 13. Rhd1 Rc8 14. Qe2 e5
15. R4d3 b4 16. Bxf6 Bxf6 17. g5 Be7 18. Nd5 Bxd5 19. Rxd5 O-O 20. h4 exf4 21.
Bh3 Qc4 22. Qd2 Rc7 23. Kb1 Qxe4 24. Rd4 Qe3 25. Qxe3 fxe3 26. Rxb4 f6 27. gxf6
Bxf6 28. Re4 Be5 29. Be6+ Kh8 30. Rxe3 g6 31. a3 Rf2 1/2-1/2

[Event "Limhamns 5:e int. junior"]
[Site "Malmoe"]
[Date "1999.06.21"]
[Round "5"]
[White "Vovk, Oksana"]
[Black "Laksman, Efraim"]
[Result "1/2-1/2"]
[WhiteElo "2089"]
[BlackElo "2060"]
[PlyCount "88"]
[EventDate "1999.05.??"]

1. c4 Nf6 2. Nc3 d6 3. g3 g6 4. Bg2 Bg7 5. e3 O-O 6. Nge2 Nc6 7. O-O Bf5 8. d3
Qc8 9. Re1 Ne5 10. Nf4 c6 11. e4 Bd7 12. f3 g5 13. Nfe2 g4 14. f4 Nf3+ 15. Bxf3
gxf3 16. Nd4 f2+ 17. Kxf2 Ng4+ 18. Kg2 Bxd4 19. f5 Nf6 20. Bh6 Re8 21. Qd2 Kh8
22. Ne2 Bb6 23. h3 Rg8 24. Qc3 Qd8 25. Rf1 Be8 26. g4 d5 27. c5 Bc7 28. Kh1 d4
29. Nxd4 Be5 30. Be3 Qc7 31. Qc2 Nd7 32. Nf3 Bg7 33. Qf2 Qa5 34. d4 b6 35. Qh4
f6 36. g5 fxg5 37. Nxg5 Nf6 38. e5 Nh5 39. f6 exf6 40. exf6 Bxf6 41. Rxf6 Nxf6
42. Nf7+ Bxf7 43. Qxf6+ Rg7 44. Bh6 Rag8 1/2-1/2

[Event "Limhamns 5.e int. junior"]
[Site "Malmoe"]
[Date "1999.06.21"]
[Round "5"]
[White "Innab, Schass"]
[Black "Namini, Armin"]
[Result "0-1"]
[WhiteElo "1830"]
[BlackElo "1995"]
[PlyCount "118"]
[EventDate "1999.06.??"]

1. e4 c5 2. Nf3 d6 3. d4 cxd4 4. Nxd4 Nf6 5. Nc3 a6 6. Bg5 e6 7. f4 Be7 8. Qf3
Qc7 9. O-O-O Nbd7 10. Kb1 b5 11. Bxb5 axb5 12. Ndxb5 Qb8 13. e5 Bb7 14. Qe2
dxe5 15. fxe5 Nxe5 16. Bf4 O-O 17. Bxe5 Qc8 18. Bd6 Bxd6 19. Nxd6 Qc6 20. Nxb7
Qxb7 21. Qb5 Qa7 22. Qd3 Rfb8 23. Qf3 Nd5 24. Rxd5 exd5 25. Qxd5 Qa3 26. Nd1
Qe7 27. Rf1 Ra7 28. Nc3 Rab7 29. b3 Rc8 30. Kb2 Rd7 31. Qe4 Qg5 32. Rf5 Qd2 33.
Rc5 Rcd8 34. Qe2 Qd4 35. Rc4 Qf6 36. Re4 Kf8 37. Qe3 Rc7 38. Rf4 Rxc3 39. Qxc3
Qxf4 40. g3 Qf5 41. a4 Rc8 42. Qb4+ Kg8 43. Qd2 Qe5+ 44. Ka2 g6 45. b4 Rc3 46.
a5 Re3 47. a6 Re1 48. Kb3 Rb1+ 49. Kc4 Ra1 50. Qd8+ Kg7 51. Qd4 Qxd4+ 52. Kxd4
Rxa6 53. b5 Ra1 54. Kc5 f5 55. c4 Rd1 56. b6 g5 57. b7 Rb1 58. Kc6 f4 59. Kc7
f3 0-1

[Event "Limhamns 5:e int. junior"]
[Site "Malmoe"]
[Date "1999.06.21"]
[Round "5"]
[White "Becker, Bartosz"]
[Black "Wakeham, Daniel"]
[Result "1/2-1/2"]
[WhiteElo "1930"]
[BlackElo "1955"]
[PlyCount "34"]
[EventDate "1999.05.??"]

1. c4 Nf6 2. Nc3 e6 3. Nf3 Bb4 4. g3 b6 5. Bg2 Bb7 6. O-O Bxc3 7. bxc3 O-O 8.
d4 d6 9. Bg5 Nbd7 10. Nd2 Bxg2 11. Kxg2 h6 12. Bxf6 Qxf6 13. e4 e5 14. Nb3 Rae8
15. Qg4 Qe6 16. Qxe6 Rxe6 17. f3 Re7 1/2-1/2

[Event "Limhamns 5:e int. junior"]
[Site "Malmoe"]
[Date "1999.06.21"]
[Round "5"]
[White "Tarachowicz, Alina"]
[Black "Rosell, Tomas"]
[Result "1-0"]
[WhiteElo "2040"]
[BlackElo "1805"]
[PlyCount "81"]
[EventDate "1999.05.??"]

1. e4 e5 2. Nf3 Nc6 3. Bb5 a6 4. Ba4 Nf6 5. Qe2 b5 6. Bb3 Be7 7. O-O O-O 8. h3
d6 9. c3 Bb7 10. Rd1 Qd7 11. d4 exd4 12. cxd4 d5 13. e5 Ne4 14. Nc3 Nxc3 15.
bxc3 Na5 16. Bc2 c5 17. Ng5 h6 18. Qd3 g6 19. e6 Qc6 20. exf7+ Kg7 21. Nf3 Nc4
22. Bf4 Rxf7 23. Ne5 Nxe5 24. Bxe5+ Kh7 25. f4 Bf8 26. Rf1 Bc8 27. g4 c4 28.
Qg3 Bg7 29. f5 gxf5 30. gxf5 Rf6 31. Rf4 Ra7 32. Rg4 Qb7 33. Kh1 Bxf5 34. Bxf5+
Rxf5 35. Rxg7+ Qxg7 36. Bxg7 Rxg7 37. Qe3 Rfg5 38. Rf1 Rg3 39. Rf3 Rg2 40. Rf6
Rh2+ 41. Kxh2 1-0

[Event "Limhamns 5:e int. junior"]
[Site "Malmoe"]
[Date "1999.06.21"]
[Round "5"]
[White "Stahlberg, Adam"]
[Black "Decha, Eliska"]
[Result "0-1"]
[WhiteElo "1800"]
[BlackElo "2106"]
[PlyCount "56"]
[EventDate "1999.05.??"]

1. d4 Nf6 2. c4 c5 3. e3 cxd4 4. exd4 d5 5. Nc3 e6 6. c5 Nc6 7. Nf3 Ne4 8. Bd2
Be7 9. Bb5 f6 10. O-O O-O 11. Bxc6 bxc6 12. Re1 Nxd2 13. Qxd2 e5 14. dxe5 fxe5
15. Nxe5 Bxc5 16. Nxc6 Rxf2 17. Nxd8 Rxd2+ 18. Kh1 Bd7 19. Nb7 Bb4 20. a3 Bxc3
21. bxc3 d4 22. cxd4 Bc6 23. Na5 Bxg2+ 24. Kg1 Bd5 25. h3 Rg2+ 26. Kh1 Rd2+ 27.
Kg1 Rg2+ 28. Kh1 Rf8 0-1

[Event "Limhamns 5:e int. junior"]
[Site "Malmoe"]
[Date "1999.06.21"]
[Round "5"]
[White "Bobrowska, Beata"]
[Black "Janiszyn, Elzbieta"]
[Result "0-1"]
[WhiteElo "1950"]
[BlackElo "2074"]
[PlyCount "34"]
[EventDate "1999.05.??"]

1. d4 d5 2. Nf3 c6 3. e3 Bg4 4. Be2 Nf6 5. Nbd2 e6 6. a3 Nbd7 7. O-O Bd6 8. c4
O-O 9. Qc2 Rc8 10. c5 Bb8 11. e4 dxe4 12. Nxe4 Nxe4 13. Qxe4 Nf6 14. Qd3 Qd5
15. h3 Bh5 16. Qc4 Bxf3 17. Qxd5 Bxd5 0-1

[Event "Limhamns 5:e int. junior"]
[Site "Malmoe"]
[Date "1999.06.22"]
[Round "6"]
[White "Kharitonov, Sergei"]
[Black "Stefanek, Piotr"]
[Result "1/2-1/2"]
[WhiteElo "2201"]
[BlackElo "2230"]
[PlyCount "60"]
[EventDate "1999.05.??"]

1. e4 c5 2. Nf3 e6 3. d4 cxd4 4. Nxd4 a6 5. Bd3 Nf6 6. O-O Qc7 7. Kh1 d6 8. f4
Nbd7 9. Qe1 g6 10. f5 gxf5 11. exf5 e5 12. Nc3 Be7 13. Ne6 fxe6 14. fxe6 Nc5
15. Bg5 Nxd3 16. cxd3 Bxe6 17. Bxf6 Bxf6 18. Rxf6 Qe7 19. Rf2 O-O-O 20. d4 Qg7
21. dxe5 dxe5 22. Re2 Rhg8 23. g3 Rge8 24. Kg1 Bg4 25. Rd2 Bf3 26. Rxd8+ Rxd8
27. Ne4 Qg4 28. Qc3+ Kb8 29. Qxe5+ Ka8 30. Qg5 Qxg5 1/2-1/2

[Event "Limhamns 5:e int. junior"]
[Site "Malmoe"]
[Date "1999.06.22"]
[Round "6"]
[White "Owczarzak, Jerzy"]
[Black "Mansson, Lars"]
[Result "1/2-1/2"]
[WhiteElo "2194"]
[BlackElo "2120"]
[PlyCount "24"]
[EventDate "1999.05.??"]

1. e4 c6 2. d3 d5 3. Nd2 e5 4. Ngf3 Bd6 5. Be2 Nf6 6. O-O O-O 7. h3 Re8 8. Re1
Nbd7 9. Bf1 a5 10. a4 Bf8 11. c3 dxe4 12. dxe4 Nc5 1/2-1/2

[Event "Limhamns 5:e int. junior"]
[Site "Malmoe"]
[Date "1999.06.22"]
[Round "6"]
[White "Namini, Armin"]
[Black "Adamski, Michal"]
[Result "1-0"]
[WhiteElo "1995"]
[BlackElo "2110"]
[PlyCount "53"]
[EventDate "1999.05.??"]

1. e4 c5 2. Nf3 d6 3. d4 cxd4 4. Nxd4 Nf6 5. Nc3 a6 6. Bg5 e6 7. f4 Be7 8. Qf3
Qc7 9. O-O-O Nbd7 10. Kb1 b5 11. Bxf6 Bxf6 12. Bxb5 Rb8 13. Bxd7+ Bxd7 14. Qd3
O-O 15. Nb3 Rb6 16. e5 Be7 17. f5 Rd8 18. f6 gxf6 19. Qg3+ Kh8 20. Qh4 dxe5 21.
Ne4 Qc4 22. Rd4 Qc7 23. Nxf6 Bxf6 24. Qxf6+ Kg8 25. Rg4+ Kf8 26. Rg7 Bb5 27.
Rxf7+ 1-0

[Event "Limhamns 5:e int. junior"]
[Site "Malmoe"]
[Date "1999.06.22"]
[Round "6"]
[White "Holmberg, Fredrik"]
[Black "Vovk, Oksana"]
[Result "1/2-1/2"]
[WhiteElo "1935"]
[BlackElo "2089"]
[PlyCount "52"]
[EventDate "1999.05.??"]

1. Nf3 d5 2. c4 d4 3. g3 g6 4. d3 Bg7 5. Bg2 c6 6. O-O e5 7. e4 Ne7 8. Nbd2 O-O
9. Kh1 a5 10. Ng1 Na6 11. b3 a4 12. Ba3 b5 13. bxa4 b4 14. Bb2 Nc5 15. Nb3 Nxa4
16. Qc2 Be6 17. a3 Qb6 18. axb4 Nxb2 19. Qxb2 Qxb4 20. Rfb1 f5 21. Rxa8 Rxa8
22. Qc2 Qd6 23. Nd2 Qc7 24. Ne2 Nc8 25. Qb2 Bf8 26. f4 Bd6 1/2-1/2

[Event "Limhamns 5:e int. junior"]
[Site "Malmoe"]
[Date "1999.06.22"]
[Round "6"]
[White "Rylander, Dennis"]
[Black "Becker, Bartosz"]
[Result "1/2-1/2"]
[WhiteElo "2141"]
[BlackElo "1950"]
[PlyCount "56"]
[EventDate "1999.05.??"]

1. d4 d5 2. c4 Nf6 3. cxd5 Nxd5 4. e4 Nb6 5. Nf3 Bg4 6. Be3 e6 7. Nc3 c6 8. Bd3
Bd6 9. h3 Bxf3 10. Qxf3 Qf6 11. Qxf6 gxf6 12. a4 N8d7 13. a5 Nc8 14. O-O a6 15.
Na4 Ne7 16. b4 O-O-O 17. Rab1 f5 18. f3 Rhg8 19. e5 Bb8 20. Bc4 Ba7 21. f4 Rg6
22. Kh2 Rdg8 23. Rf2 Rg3 24. Re2 Nd5 25. Bxd5 exd5 26. Rd1 Nf8 27. Rd3 Ne6 28.
Red2 Kc7 1/2-1/2

[Event "Limhamns 5:e int. junior"]
[Site "Malmoe"]
[Date "1999.06.22"]
[Round "6"]
[White "Laksman, Efraim"]
[Black "Tarachowicz, Alina"]
[Result "1-0"]
[WhiteElo "2060"]
[BlackElo "2040"]
[PlyCount "79"]
[EventDate "1999.05.??"]

1. e4 d6 2. g3 g6 3. Bg2 Bg7 4. f4 Nc6 5. d3 e5 6. Nf3 Nge7 7. O-O O-O 8. Nc3
f5 9. Ng5 h6 10. Nf3 Be6 11. Bd2 Qd7 12. Nh4 Kh7 13. exf5 Nxf5 14. Nxf5 gxf5
15. Ne2 Rae8 16. c3 Bf6 17. Qc2 Rg8 18. b4 Rg7 19. Rae1 h5 20. b5 Nd8 21. a4 h4
22. Rb1 Reg8 23. a5 d5 24. fxe5 Bxe5 25. d4 hxg3 26. h3 Bd6 27. Nf4 Bxf4 28.
Rxf4 Kh8 29. c4 c6 30. bxc6 bxc6 31. c5 Qc8 32. Qd1 Rh7 33. Qe2 Nf7 34. Rff1 f4
35. Bxf4 Bxh3 36. Be5+ Nxe5 37. Qxe5+ Rhg7 38. Rf4 Bg4 39. Bh3 Re8 40. Bxg4 1-0

[Event "Limhamns 5:e int. junior"]
[Site "Malmoe"]
[Date "1999.06.22"]
[Round "6"]
[White "Wakeham, Daniel"]
[Black "Flaisigova, Petra"]
[Result "0-1"]
[WhiteElo "1955"]
[BlackElo "2040"]
[PlyCount "114"]
[EventDate "1999.05.??"]

1. d4 f5 2. Bg5 Nf6 3. Bxf6 exf6 4. e3 d5 5. c4 dxc4 6. Bxc4 Bd6 7. Nf3 Qe7 8.
O-O Be6 9. Bd3 O-O 10. Nc3 c6 11. Re1 Nd7 12. a3 Qf7 13. Nd2 Rad8 14. b4 Nb6
15. Rb1 Bb8 16. g3 g6 17. a4 Rfe8 18. Qc2 Rc8 19. Rec1 Nd5 20. Nxd5 Bxd5 21. b5
Kg7 22. Qb2 Bd6 23. Nc4 Bxc4 24. Bxc4 Qe7 25. Qb3 c5 26. dxc5 Rxc5 27. Bd5 Rec8
28. Rxc5 Rxc5 29. Rd1 Rc8 30. Bxb7 Qxb7 31. Rxd6 Rc1+ 32. Rd1 Rxd1+ 33. Qxd1
Qe4 34. Qb3 h5 35. a5 h4 36. b6 h3 37. Kf1 Qb7 38. Qb5 axb6 39. axb6 Kh6 40.
Ke1 Qh1+ 41. Kd2 Qxh2 42. b7 Qxf2+ 43. Kc3 Qe1+ 44. Kc4 h2 45. b8=Q h1=Q 46.
Qf4+ g5 47. Qfxf5 Qhf1+ 48. Kd4 Qd2+ 49. Qfd3 Qa1+ 50. Kc5 Qe5+ 51. Kc6 Qc1+
52. Qdc4 Qe6+ 53. Kc5 Qcxe3+ 54. Kb4 Qd6+ 55. Ka5 Qea3+ 56. Qca4 Qd8+ 57. Ka6
Qa8+ 0-1

[Event "Limhamns 5:e int. junior"]
[Site "Malmoe"]
[Date "1999.06.22"]
[Round "6"]
[White "Decha, Eliska"]
[Black "Janiszyn, Elzbieta"]
[Result "1/2-1/2"]
[WhiteElo "2106"]
[BlackElo "2074"]
[PlyCount "82"]
[EventDate "1999.05.??"]

1. e4 c6 2. d4 d5 3. e5 Bf5 4. Nc3 e6 5. g4 Bg6 6. Nge2 Bb4 7. h4 h5 8. Nf4 Ne7
9. Nxg6 Nxg6 10. gxh5 Nxh4 11. Qg4 Nf5 12. Bd3 g6 13. Bg5 Be7 14. f4 Nd7 15.
Kd2 Bxg5 16. fxg5 gxh5 17. Rxh5 Rxh5 18. Qxh5 Qe7 19. Bxf5 exf5 20. e6 Nb6 21.
exf7+ Qxf7 22. Re1+ Kf8 23. g6 Qf6 24. Kd3 Nc4 25. Na4 b6 26. g7+ Qxg7 27.
Qxf5+ Qf7 28. Qh3 Qg6+ 29. Kc3 Kg8 30. Re2 Re8 31. Rg2 Re3+ 32. Qxe3 Qxg2 33.
Qe6+ Kh7 34. Qd7+ Kg8 35. Qc8+ Kf7 36. Qb7+ Kf8 37. Qb8+ Ke7 38. Qxa7+ Kf6 39.
Kb3 Na5+ 40. Kc3 Qe2 41. Nxb6 Qe1+ 1/2-1/2

[Event "Limhamns 5:e int. junior"]
[Site "Malmoe"]
[Date "1999.06.22"]
[Round "6"]
[White "Rosell, Tomas"]
[Black "Innab, Schass"]
[Result "1-0"]
[WhiteElo "1805"]
[BlackElo "1830"]
[PlyCount "63"]
[EventDate "1999.05.??"]

1. e4 e6 2. d4 d5 3. Nc3 Nf6 4. e5 Nfd7 5. f4 c5 6. Nf3 Nc6 7. Be3 Be7 8. a3 b6
9. Bb5 Qc7 10. O-O O-O 11. Ne2 a6 12. Ba4 b5 13. Bb3 c4 14. Ba2 b4 15. axb4
Nxb4 16. Bb1 a5 17. c3 Nd3 18. b4 Ba6 19. Rxa5 Rfb8 20. Ne1 Nxe1 21. Qxe1 Bb5
22. f5 Rxa5 23. bxa5 exf5 24. Bxf5 Nf8 25. Qg3 Ne6 26. Qh3 Nf8 27. Bf4 Qxa5 28.
e6 Rb7 29. Bxh7+ Nxh7 30. exf7+ Kh8 31. Bd6 Bf8 32. Bxf8 1-0

[Event "Limhamns 5:e int. junior"]
[Site "Malmoe"]
[Date "1999.06.22"]
[Round "6"]
[White "Stahlberg, Adam"]
[Black "Bobrowska, Beata"]
[Result "1-0"]
[WhiteElo "1800"]
[BlackElo "1950"]
[PlyCount "77"]
[EventDate "1999.05.??"]

1. e4 e6 2. d4 d5 3. Nc3 Nf6 4. Bg5 Be7 5. e5 Nfd7 6. Bxe7 Qxe7 7. f4 c5 8. Nb5
Na6 9. Nd6+ Kd8 10. c3 Nc7 11. Bd3 Ne8 12. Nxe8 Qxe8 13. Qg4 g6 14. Nf3 Qe7 15.
O-O b6 16. a3 a5 17. Nh4 Ba6 18. Bxa6 Rxa6 19. g3 Rf8 20. Qf3 Kc7 21. Ng2 Raa8
22. a4 f6 23. exf6 Nxf6 24. Qe3 Ne4 25. Rfc1 Kb7 26. Rf1 Ka7 27. Ne1 g5 28. Nc2
gxf4 29. Rxf4 Rxf4 30. Qxf4 Rf8 31. Qe3 Rf2 32. Na3 Rxb2 33. Rf1 c4 34. Nb5+
Kb7 35. Qh6 Ra2 36. Rf8 Nd6 37. Nxd6+ Qxd6 38. Qxh7+ Qc7 39. Rf7 1-0